| 000 | 00638nam a2200205 4500 | ||
|---|---|---|---|
| 003 | OSt | ||
| 005 | 20260601193848.0 | ||
| 008 | 260508b1978 |||a|||| |||| 001 0 spa d | ||
| 040 |
_aICI _bspa _cICI |
||
| 050 |
_aTA682.44 _bR53 1978 |
||
| 100 | 1 |
_aRichardson, John G. _931874 |
|
| 245 | 1 |
_aCimbras y moldes: _bGuía práctica para su construcción y uso |
|
| 264 |
_bInstituto Mexicano del Cemento y del Concreto A.C. _c1978 _aMéxico |
||
| 300 | _a115 páginas | ||
| 336 |
_atexto _2rdacontent |
||
| 337 |
_asin medio _2rdamedia |
||
| 338 |
_avolumen _2rdacarrier |
||
| 650 |
_aCimbras (Construcción) _vGuías _931875 |
||
| 942 |
_2lcc _cB _n1 |
||
| 999 |
_c21754 _d21754 |
||